| 000 | 00485nam a22001811a 4500 | ||
|---|---|---|---|
| 001 | 3074 | ||
| 003 | OSt | ||
| 005 | 20260204211836.0 | ||
| 008 | 040614s1998||||dr ||||||b||||||||||spa|| | ||
| 050 | _aRD 972.9304 S68a | ||
| 082 | _aRD 972.9304 S68a | ||
| 100 | _aSerra, José María | ||
| 245 | _aApuntes para la historia de Los Trinitarios / José María Serra | ||
| 264 | _aSanto Domingo : SEEC | ||
| 300 | _a64 p. | ||
| 650 | _aRepública Dominicana - HistoriaÌ | ||
| 942 |
_2ddc _cBK |
||
| 999 |
_c3074 _d3074 |
||